| 000 | 00501nam a2200181Ia 4500 | ||
|---|---|---|---|
| 999 |
_c1538 _d1538 |
||
| 003 | OSt | ||
| 005 | 20200922143935.0 | ||
| 008 | 190216s9999||||xx |||||||||||||| ||und|| | ||
| 020 | _a8177540300 | ||
| 040 | _coclc | ||
| 082 |
_a581.652 _bMAJ/A |
||
| 100 |
_aMajid, F Z _94821 |
||
| 245 | 0 |
_aAquatic Weeds: _bUtility And Development / _cF Z Majid |
|
| 260 |
_bAgrobios, _c2000. _aJodhpur: |
||
| 300 | _a96p | ||
| 650 | _aBotany | ||
| 942 |
_cBK _2ddc _h581.652 _iMAJ/A _k581.652 _mMAJ/A |
||